LEADER 02700oam 2200457 450 001 996465348803316 005 20210505100037.0 010 $a3-030-63820-0 024 7 $a10.1007/978-3-030-63820-7 035 $a(CKB)4100000011586066 035 $a(DE-He213)978-3-030-63820-7 035 $a(MiAaPQ)EBC6403006 035 $a(PPN)252504208 035 $a(EXLCZ)994100000011586066 100 $a20210505d2020 uy 0 101 0 $aeng 135 $aurnn|008mamaa 181 $ctxt$2rdacontent 182 $cc$2rdamedia 183 $acr$2rdacarrier 200 00$aNeural information processing $e27th International Conference, ICONIP 2020, Bangkok, Thailand, November 18-22, 2020, proceedings, part IV /$fHaiqin Yang [and five others], (Eds.) 205 $a1st ed. 2020. 210 1$aCham, Switzerland :$cSpringer,$d[2020] 210 4$d©2020 215 $a1 online resource (XXIX, 844 p. 252 illus., 220 illus. in color.) 225 1 $aCommunications in Computer and Information Science ;$v1332 311 $a3-030-63819-7 327 $aData Mining -- Healthcare Analytics-Improving Healthcare Outcomes using Big Data Analytics -- Human Activity Recognition -- Image Processing and Computer Vision -- Natural Language Processing -- Recommender Systems -- The 13th International Workshop on Artificial Intelligence and Cybersecurity. 330 $aThe two-volume set CCIS 1332 and 1333 constitutes thoroughly refereed contributions presented at the 27th International Conference on Neural Information Processing, ICONIP 2020, held in Bangkok, Thailand, in November 2020.* For ICONIP 2020 a total of 378 papers was carefully reviewed and selected for publication out of 618 submissions. The 191 papers included in this volume set were organized in topical sections as follows: data mining; healthcare analytics-improving healthcare outcomes using big data analytics; human activity recognition; image processing and computer vision; natural language processing; recommender systems; the 13th international workshop on artificial intelligence and cybersecurity; computational intelligence; machine learning; neural network models; robotics and control; and time series analysis. * The conference was held virtually due to the COVID-19 pandemic. 410 0$aCommunications in computer and information science ;$v1332. 606 $aNeural networks (Computer science)$vCongresses 615 0$aNeural networks (Computer science) 676 $a006.32 702 $aYang$b Haiqin 801 0$bCaPaEBR 801 1$bCaPaEBR 801 2$bUtOrBLW 906 $aBOOK 912 $a996465348803316 996 $aNeural Information Processing$92554499 997 $aUNISA LEADER 01517nam 2200337 n 450 001 996383780203316 005 20221108032802.0 035 $a(CKB)1000000000584629 035 $a(EEBO)2240940739 035 $a(UnM)99872222 035 $a(EXLCZ)991000000000584629 100 $a19851003d1642 uy | 101 0 $aeng 135 $aurbn||||a|bb| 200 13$aAn abstract of certain depositions, by vertue of His Majesties commission, taken upon oath$b[electronic resource] $econcerning the traiterous intention of the rebels in Ireland, in rejecting the government of His Majestie, in having a king of their own: and who that king should be. With an extract of a letter from Rome, 4. Jan. 1641. Published by His Majesties command 210 $aLondon $cPrinted by Robert Barker, Printer to the Kings most excellent Majestie: And by the Assignes of John Bill$d1642 215 $a[2], 8 [i.e. 6] p 300 $a"An extract of a letter written 4. January. 1641" is by "Bonaventure O Connye." 300 $aReproduction of original in Thomason Collection, British Library. 330 $aeebo-0018 607 $aIreland$xHistory$yRebellion of 1641 700 $aPuttock$b Roger$01005357 701 $aO'Connor$b Bonaventura$01005668 801 0$bCu-RivES 801 1$bCu-RivES 801 2$bCStRLIN 801 2$bWaOLN 906 $aBOOK 912 $a996383780203316 996 $aAn abstract of certain depositions, by vertue of His Majesties commission, taken upon oath$92382750 997 $aUNISA